El modelo gerencial-actuarial de penalidad Eficiencia, riesgo y sistema penal /

Bibliographic Details
Main Author: Brandariz Garca̕, Jos ̌ℓngel
Format: eBook
Language:Spanish
Published: Madrid: Dykinson, 2016
Subjects:
Online Access:Acceso restringido

MARC

LEADER 00000nam a22000007a 4500
005 20170117232331.0
007 cr|||| ||||
008 170117s2016 es |||||s|||| 00||0 spa d
020 |a 978-84-9085-882-0 
035 |a 14653 
040 |a vLex 
090 |c 6518  |d 6518 
100 1 |a Brandariz Garca̕, Jos ̌ℓngel 
245 1 2 |a El modelo gerencial-actuarial de penalidad  |h [Recurso electrn̤ico] :  |b Eficiencia, riesgo y sistema penal /  |c Jos ̌ℓngel Brandariz Garca̕ 
256 |a Servicio en ln̕ea 
260 |a Madrid:  |b Dykinson,  |c 2016 
300 |a 1 recurso electrn̤ico 
500 |a El presente texto aborda, en sustancia, dos cuestiones que estǹ estrechamente interrelacionadas: la introduccin̤ de una racionalidad gerencial en materia de polt̕icas pb︢licas en el sistema penal y el desarrollo de lg̤icas e instrumentos de riesgo en la toma de decisiones en materia punitiva (lo que se ha dado en llamar ±actuarialismo penal» o ±justicia actuarial»). Se trata de dos evoluciones tan imbricadas que puede hablarse de un emergente modelo gerencial-actuarial de penalidad. Si bien se trata de un fenm̤eno que ha generado un intenso debate en la literatura internacional durante las dos l︢timas dčadas, sobre todo en el m̀bito anglosajn̤ —y que se conecta con la discusin̤ sobre el Derecho penal del riesgo—, su introduccin̤ en el sistema penal espaǫl es ms̀ bien reciente, pero no por ello menos relevante. Desde ese encuadramiento que vincula gerencialismo y actuarialismo en materia punitiva, el trabajo realiza un anl̀isis detenido de los perfi les de ambas orientaciones y examina algunas expresiones de su progresiva penetracin̤ en el contexto del sistema penal espaǫl. Por una parte, se aborda la orientacin̤ gerencial en materia de polt̕icas penales, partiendo de lo que se ha denominado ±nueva gestin̤ pb︢lica», y presenta, de este modo, sus tčnicas organizativas y sus efectos en el campo punitivo. Por otra parte, el texto estudia el actuarialismo penal, destacando las principales transformaciones que produce, como la conformacin̤ de sujetos prudenciales responsables de la gestin̤ de sus propios riesgos criminales o la creciente afirmacin̤ de una perspectiva preventiva a la hora de afrontar la seguridad ante el delito. Con ms̀ atencin̤ an︢, el texto analiza el empleo de instrumentos de evaluacin̤ y prediccin̤ de riesgos en la toma de decisiones por parte de las agencias del sistema punitivo. Como presupuesto a todo ello, el libro, tras una larga introduccin̤ que pretende centrar el debate sobre el modelo gerencial-actuarial en el contexto hispano, aborda diversos debates ter̤icos que contribuyen a definir los perfiles de este tipo de penalidad. En primer lugar, se discute la nocin̤ de riesgo, revisando cul̀ de sus diversas interpretaciones es apta para poder interpretar el giro gerencial-actuarial. En segundo lugar, se observa la interrelacin̤ compleja de esta orientacin̤ con otros planteamientos teleolg̤icos que han ocupado el debate penal en la l︢tima etapa: la justicia expresiva o populismo punitivo y la sedicente crisis del paradigma rehabilitador. En tercer lugar, se introduce con detalle la discusin̤ anglosajona sobre la justicia penal actuarial. El libro se cierra con una aproximacin̤ a las limitaciones del modelo gerencial- actuarial, contempladas desde diversas perspectivas: epistm̌ica, jurd̕ica y de derechos y garanta̕s, y utilitaria . Con ello se concluye una presentacin̤ general de una racionalidad que va a transformar cada vez ms̀ nuestras formas de pensar el hecho penal. 
506 1 |a Disponible solo en los productos indicados  |d vLex Global  |d vLex Global (Academic Edition, excluding Law Schools)  |d vLex Global (U.S. Academic Edition, Law Schools)  |d vLex Global (U.S. Academic Edition, excluding Law Schools)  |d vLex Global (Academic Edition, Law Schools) 
650 0 4 |a Derecho Penal  |z Espaą 
740 0 |a vLex Libros (Servicio en ln̕ea) 
856 4 0 |u http://vlex.com/source/modelo-gerencial-actuarial-de-penalidad-eficiencia-riesgo-y-sistema-penal-14653  |z Acceso restringido 
942 |c BOOK 
999 0 |a Criminal law